Taylor Swift Songs in Alphabetical Order - Statistics

General Stats
  • This quiz has been taken 766 times
    285 since last reset
  • The average score is 156 of 267
Answer Stats
Answer % Correct
22
96%
All Too Well
90%
Afterglow
88%
august
85%
All You Had To Do Was Stay
83%
Anti-Hero
77%
The 1
75%
The Archer
75%
A Place in this World
73%
Bad Blood
73%
ME!
73%
All Of The Girls You Loved Before
71%
Bejeweled
71%
Blank Space
71%
Karma
71%
Lover
71%
marjorie
71%
Question…?
71%
The Man
71%
A Perfectly Good Heart
69%
Better Man
69%
betty
69%
Daylight
69%
Fifteen
69%
Mean
69%
Ours
69%
Vigilante Sh*t
69%
Babe
67%
Breathe
67%
But Daddy I Love Him
67%
Call It What You Want
67%
cardigan
67%
Clean
67%
Cornelia Street
67%
Cruel Summer
67%
Down Bad
67%
Enchanted
67%
Fearless
67%
Fortnight
67%
Gorgeous
67%
illicit affairs
67%
Invisible
67%
invisible string
67%
King Of My Heart
67%
Last Kiss
67%
Look What You Made Me Do
67%
Love Story
67%
mad woman
67%
Mine
67%
New Romantics
67%
Our Song
67%
Shake It Off
67%
The Alchemy
67%
Bigger Than The Whole Sky
65%
cowboy like me
65%
Dear John
65%
Dear Reader
65%
Delicate
65%
Dress
65%
evermore
65%
Florida!!!
65%
Forever & Always
65%
Getaway Car
65%
Haunted
65%
How You Get The Girl
65%
I Knew You Were Trouble
65%
I Know Places
65%
Is It Over Now?
65%
It’s Nice To Have A Friend
65%
Jump Then Fall
65%
Lavender Haze
65%
Mastermind
65%
mirrorball
65%
my tears ricochet
65%
Paris
65%
Ronan
65%
Style
65%
The Black Dog
65%
Wildest Dreams
65%
Actually Romantic
63%
Back To December
63%
Begin Again
63%
Better Than Revenge
63%
Cassandra
63%
champagne problems
63%
Change
63%
Dancing With Our Hands Tied
63%
Death By A Thousand Cuts
63%
Forever Winter
63%
Guilty as Sin?
63%
I Bet You Think About Me
63%
I Can Do It With A Broken Heart
63%
I Can Fix Him (No Really I Can)
63%
I Did Something Bad
63%
Long Live
63%
Midnight Rain
63%
My Boy Only Breaks His Favorite Toys
63%
Now That We Don’t Talk
63%
Peter
63%
“Sl*t!”
63%
So High School
63%
Stay Stay Stay
63%
Superman
63%
The Albatross
63%
the last great american dynasty
63%
The Manuscript
63%
Tim McGraw
63%
We Are Never Ever Getting Back Together
63%
willow
63%
You’re On Your Own, Kid
63%
Castles Crumbling
60%
Clara Bow
60%
Come Back… Be Here
60%
coney island
60%
Don’t You
60%
Eldest Daughter
60%
epiphany
60%
Everything Has Changed
60%
Girl At Home
60%
Hey Stephen
60%
I Can See You
60%
London Boy
60%
Maroon
60%
Miss Americana & The Heartbreak Prince
60%
New Year’s Day
60%
Opalite
60%
Paper Rings
60%
Red
60%
right where you left me
60%
Robin
60%
Run
60%
Sad Beautiful Tragic
60%
Say Don’t Go
60%
Should’ve Said No
60%
Snow On The Beach
60%
So It Goes…
60%
So Long, London
60%
Sweet Nothing
60%
The Bolter
60%
The Great War
60%
The Last Time
60%
The Life of a Showgirl
60%
The Prophecy
60%
The Tortured Poets Department
60%
The Very First Night
60%
Treacherous
60%
Welcome To New York
60%
When Emma Falls in Love
60%
Who’s Afraid of Little Old Me?
60%
You Belong With Me
60%
Bye Bye Baby
58%
closure
58%
Cold As You
58%
dorothea
58%
Electric Touch
58%
Elizabeth Taylor
58%
False God
58%
Fresh Out The Slammer
58%
Hits Different
58%
hoax
58%
Honey
58%
I Almost Do
58%
I Forgot That You Existed
58%
I’m Only Me When I’m With You
58%
its time to go
58%
ivy
58%
Labyrinth
58%
Mary’s Song (Oh My My My)
58%
Message In A Bottle
58%
Nothing New
58%
Out Of The Woods
58%
Picture To Burn
58%
…Ready For It?
58%
Sparks Fly
58%
Speak Now
58%
Suburban Legends
58%
Teardrops On My Guitar
58%
The Lucky One
58%
The Way I Loved You
58%
‘tis the damn season
58%
Would’ve, Could’ve, Should’ve
58%
You Are In Love
58%
CANCELLED!
56%
Chloe or Sam or Sophia or Marcus
56%
Don’t Blame Me
56%
exile
56%
Foolish One
56%
gold rush
56%
happiness
56%
High Infidelity
56%
I Hate It Here
56%
Innocent
56%
I Think He Knows
56%
Safe & Sound
56%
Soon You’ll Get Better
56%
Starlight
56%
The Fate of Ophelia
56%
the lakes
56%
this is me trying
56%
Tied Together with a Smile
56%
Today Was A Fairytale
56%
tolerate it
56%
Untouchable
56%
Wi$h Li$t
56%
You Need To Calm Down
56%
You’re Losing Me
56%
Come In With The Rain
54%
End Game
54%
Glitch
54%
I Look in People’s Windows
54%
imgonnagetyouback
54%
I Wish You Would
54%
loml
54%
long story short
54%
no body, no crime
54%
Stay Beautiful
54%
Superstar
54%
The Best Day
54%
The Other Side Of The Door
54%
Timeless
54%
Father Figure
52%
How Did It End?
52%
peace
52%
White Horse
52%
Wood
52%
Never Grow Up
50%
Ruin The Friendship
50%
seven
50%
State Of Grace
50%
The Smallest Man Who Ever Lived
50%
The Story Of Us
50%
This Love
50%
Wonderland
50%
All Too Well (10 Minute Version)
48%
us.
48%
We Were Happy
48%
Holy Ground
46%
Mr. Perfectly Fine
46%
The Moment I Knew
46%
This Is Why We Can’t Have Nice Things
46%
You All Over Me
46%
You’re Not Sorry
46%
thanK you aIMee
42%
That’s When
40%
The Outside
40%
Sweeter Than Fiction
38%
Tell Me Why
38%
Carolina
35%
Christmas Tree Farm
35%
I Don’t Wanna Live Forever
35%
If This Was A Movie
33%
The Alcott
33%
Eyes Open
31%
Only The Young
31%
Both Of Us
29%
Crazier
29%
Two Is Better Than One
29%
Christmases When You Were Mine
27%
Christmas Must Be Something More
27%
Birch
25%
Gasoline
25%
Highway Don’t Care
25%
Renegade
25%
Beautiful Eyes
23%
Beautiful Ghosts
23%
The Joker and the Queen
21%
Macavity
17%
No matching quizzes found
Score Distribution
Percent of People with Each Score
Percentile by Number Answered
Your Score History
You have not taken this quiz since the last reset